000 00807cab a2200229 4500
001 X3345
008 090401t1996 xxu||||| |||| 00| 0 eng d
035 _a(Sirsi) u29878
041 _aeng
245 _aDavies v H and R Ecroyd Ltd
260 _c1996
350 _a0
490 _aNew Property Cases
_v[1996] NPC 67, (2)
520 _aChD 30 April 1996. A milk quota allocated to a farm owned by one of two partners to a partnership is held not to be an asset of the partnership nor to be valued under the deed of dissolution. (taken from case heading) NOTE: NO PHOTOCOPYING ALLOWED.
650 _aARBITRATION ACT 1979 S2
650 _aDAVIES V H AND R ECROYD
650 _aMILK QUOTA
650 _aPARTNERSHIP ASSETS
690 _aRURAL PRACTICE-CASE LAW
942 _n0
948 _c04/03/1997
999 _c20101
_d20101